Leonardo da Vinci 1452-1519: obra pictórica completa y obra gráfica
Bewaard in:
| Hoofdauteur: | |
|---|---|
| Andere auteurs: | |
| Formaat: | Boek |
| Taal: | Spaans |
| Gepubliceerd in: |
Colonia
Taschen
2003
|
| Onderwerpen: | |
| Tags: |
Voeg label toe
Geen labels, Wees de eerste die dit record labelt!
|
MARC
| LEADER | 00000nam a2200000 a 4500 | ||
|---|---|---|---|
| 001 | UCK7699 | ||
| 003 | CL-VaPUC | ||
| 005 | 20250205145437.0 | ||
| 008 | 051202e20030000gw |||||||||||||||||spa|d | ||
| 999 | |c 315550 |d 315548 | ||
| 020 | |a 3822823198 | ||
| 040 | |c Pontificia Universidad Católica de Valparaíso | ||
| 082 | 0 | 4 | |a 759.5 |b ZOL |2 21 |
| 100 | 1 | |a Zölner, Frank |e autor |9 873172 | |
| 245 | 1 | 0 | |a Leonardo da Vinci 1452-1519: obra pictórica completa y obra gráfica |
| 260 | |a Colonia |b Taschen |c 2003 | ||
| 300 | |a 695 p | ||
| 583 | |a last modification |c 20171214 01:21:36 |k Rodrigo Vera | ||
| 600 | 0 | |a Da Vinci, Leonardo |d 1452-1519 |9 561227 | |
| 650 | 0 | |a Pintura italiana |9 265293 | |
| 650 | 0 | |a Dibujos |9 264123 | |
| 650 | 0 | |a Obras de arte |9 337253 | |
| 650 | 0 | |a Artistas |9 262026 | |
| 650 | 0 | |a Colecciones artísticas |9 348038 | |
| 650 | 0 | |a Bellas artes |9 334299 | |
| 651 | 0 | |a Italia |9 254949 | |
| 700 | |a Nathan, Johannes |e autor |9 873178 | ||
| 942 | |c BK |2 ddc | ||
| 945 | |d 20051202 00:00:00 |a jtorresc | ||
| 952 | |0 0 |1 0 |4 0 |6 759_500000000000000_ZOL_2003 |7 0 |8 X |9 388896 |a BIBART |b BIBART |d 2019-11-22 |i 4188667 |o 759.5 ZOL 2003 |p 4188667 |r 2025-03-13 |w 2019-11-22 |y BK_X |k ART | ||